<?xml version="1.0" encoding="UTF-8"?>
<record
    xmlns:xsi="http://www.w3.org/2001/XMLSchema-instance"
    xsi:schemaLocation="http://www.loc.gov/MARC21/slim http://www.loc.gov/standards/marcxml/schema/MARC21slim.xsd"
    xmlns="http://www.loc.gov/MARC21/slim">

  <leader>04193cam a2200421 i 4500</leader>
  <datafield tag="999" ind1=" " ind2=" ">
    <subfield code="c">27271</subfield>
    <subfield code="d">27271</subfield>
  </datafield>
  <controlfield tag="006">m     o  d        </controlfield>
  <controlfield tag="007">cr cnu---unuuu</controlfield>
  <controlfield tag="008">141014s2015    ne a    ob    001 0 eng d</controlfield>
  <datafield tag="020" ind1=" " ind2=" ">
    <subfield code="a">9780128004135</subfield>
    <subfield code="q">(electronic bk.)</subfield>
  </datafield>
  <datafield tag="020" ind1=" " ind2=" ">
    <subfield code="a">0128004134</subfield>
    <subfield code="q">(electronic bk.)</subfield>
  </datafield>
  <datafield tag="020" ind1=" " ind2=" ">
    <subfield code="a">9781322158501</subfield>
    <subfield code="q">(electronic bk.)</subfield>
  </datafield>
  <datafield tag="020" ind1=" " ind2=" ">
    <subfield code="a">1322158509</subfield>
    <subfield code="q">(electronic bk.)</subfield>
  </datafield>
  <datafield tag="040" ind1=" " ind2=" ">
    <subfield code="a">N$T</subfield>
    <subfield code="b">eng</subfield>
    <subfield code="e">rda</subfield>
    <subfield code="e">pn</subfield>
  </datafield>
  <datafield tag="072" ind1=" " ind2="7">
    <subfield code="a">SCI</subfield>
    <subfield code="x">067000</subfield>
    <subfield code="2">bisacsh</subfield>
  </datafield>
  <datafield tag="082" ind1="0" ind2="4">
    <subfield code="a">530.12/4</subfield>
    <subfield code="2">23</subfield>
  </datafield>
  <datafield tag="100" ind1="1" ind2=" ">
    <subfield code="a">Boccotti, P.</subfield>
    <subfield code="q">(Paolo),</subfield>
  </datafield>
  <datafield tag="245" ind1="1" ind2="0">
    <subfield code="a">Wave mechanics and wave loads on marine structures /</subfield>
  </datafield>
  <datafield tag="260" ind1=" " ind2=" ">
    <subfield code="a">Singapore :</subfield>
    <subfield code="b">Elsevier,</subfield>
    <subfield code="c">2015.</subfield>
  </datafield>
  <datafield tag="300" ind1=" " ind2=" ">
    <subfield code="a">1 online resource :</subfield>
    <subfield code="b">illustrations</subfield>
  </datafield>
  <datafield tag="504" ind1=" " ind2=" ">
    <subfield code="a">Includes bibliographical references and index.</subfield>
  </datafield>
  <datafield tag="505" ind1="0" ind2=" ">
    <subfield code="a">Front Cover; Wave Mechanics and Wave Loads on Marine Structures; Copyright; Dedication; Contents; Preface; Acknowledgments; Symbols; Abbreviations and Acronyms; Chapter 1 -- Wave Mechanics: Basic Concepts; 1.1 THE SYSTEM OF EQUATIONS; 1.2 INTRODUCTION TO WAVE MECHANICS; 1.3 STOKES'' THEORY TO THE FIRST ORDER; 1.4 STOKES'' THEORY TO THE SECOND ORDER; 1.5 WAVE-CURRENT INTERACTION; 1.6 PRELIMINARY REMARKS ON THREE-DIMENSIONAL WAVES; 1.7 WAVE REFLECTION; 1.8 WAVE DIFFRACTION; 1.9 ENERGY FLUX AND WAVE ENERGY; 1.10 THE GROUP VELOCITY; 1.11 CONCLUSION; REFERENCES.</subfield>
  </datafield>
  <datafield tag="505" ind1="8" ind2=" ">
    <subfield code="a">Chapter 2 -- Wave Transformation near Coasts2.1 REFRACTION WITH STRAIGHT CONTOUR LINES; 2.2 REFRACTION WITH ARBITRARY CONTOUR LINES; 2.3 WAVE-CURRENT INTERACTION IN SOME STRAITS; 2.4 WORKED EXAMPLE; 2.5 CONCLUSION; REFERENCES; Chapter 3 -- Random Wind-Generated Waves: Basic Concepts; 3.1 SEA STATE, SIGNIFICANT WAVE HEIGHT, SPECTRUM, AUTOCOVARIANCE; 3.2 THE CONCEPT OF "VERY NARROW SPECTRUM"; 3.3 BANDWIDTH AND NARROW-BANDEDNESS PARAMETERS; 3.4 CHARACTERISTIC SPECTRA OF WIND SEAS; 3.5 HOW TO OBTAIN THE FREQUENCY SPECTRUM; 3.6 WAVE RECORD ANALYSIS; 3.7 SMALL-SCALE FIELD EXPERIMENTS; 3.8 CONCLUSION.</subfield>
  </datafield>
  <datafield tag="505" ind1="8" ind2=" ">
    <subfield code="a">5.2 THE "EQUIVALENT TRIANGULAR STORM"5.3 RETURN PERIOD AND AVERAGE PERSISTENCE; 5.4 THE ENCOUNTER PROBABILITY OF A SEA STORM WITH SOME GIVEN CHARACTERISTICS; 5.5 THE DESIGN SEA STATE FOR GIVEN LIFETIME AND ENCOUNTER PROBABILITY; 5.6 ESTIMATE OF THE LARGEST WAVE HEIGHT IN THE LIFETIME; 5.7 CONCLUSION; REFERENCES; Chapter 6 -- Space-Time Theory of Sea States; 6.1 WAVE FIELD IN THE OPEN SEA; 6.2 MAXIMUM EXPECTED WAVE HEIGHT AT A GIVEN ARRAY OF POINTS IN THE DESIGN SEA STATE; 6.3 DIRECTIONAL SPECTRUM: DEFINITION AND CHARACTERISTIC SHAPE; 6.4 CLASSIC APPROACH: OBTAINING THE DIRECTIONAL DISTRIBUTION.</subfield>
  </datafield>
  <datafield tag="520" ind1=" " ind2=" ">
    <subfield code="a">This book provides a new perspective on the calculation of wave forces on ocean structures, unifying the deterministic and probabilistic approaches to wave theory and combining the methods used in field and experimental measurement. Presenting his quasi-determinism (QD) theory and approach of using small-scale field experiments (SSFEs), author Paolo Boccotti simplifies the findings and techniques honed in his ground-breaking work to provide engineers and researchers with practical new methods of analysis. Including numerous worked examples and case studies, the book also discusses and provides useful FORTRAN programs, including a subroutine for calculating particle velocity and acceleration in wave groups, and programs for calculating wave loads on several kinds of structures. --</subfield>
  </datafield>
  <datafield tag="650" ind1=" " ind2="0">
    <subfield code="a">Waves</subfield>
    <subfield code="x">Mathematical models.</subfield>
  </datafield>
  <datafield tag="650" ind1=" " ind2="0">
    <subfield code="a">Water waves</subfield>
    <subfield code="x">Mathematical models.</subfield>
  </datafield>
  <datafield tag="650" ind1=" " ind2="0">
    <subfield code="a">Offshore structures</subfield>
    <subfield code="x">Hydrodynamics.</subfield>
  </datafield>
  <datafield tag="650" ind1=" " ind2="6">
    <subfield code="a">Ondes</subfield>
    <subfield code="x">Mod&#xFFFD;eles math&#xFFFD;ematiques.</subfield>
  </datafield>
  <datafield tag="650" ind1=" " ind2="6">
    <subfield code="a">Vagues</subfield>
    <subfield code="x">Mod&#xFFFD;eles math&#xFFFD;ematiques.</subfield>
  </datafield>
  <datafield tag="650" ind1=" " ind2="6">
    <subfield code="a">Structures offshore</subfield>
    <subfield code="x">Hydrodynamique.</subfield>
  </datafield>
  <datafield tag="650" ind1=" " ind2="7">
    <subfield code="a">SCIENCE</subfield>
    <subfield code="x">Waves &amp; Wave Mechanics.</subfield>
    <subfield code="2">bisacsh</subfield>
  </datafield>
  <datafield tag="650" ind1=" " ind2="7">
    <subfield code="a">Offshore structures</subfield>
    <subfield code="x">Hydrodynamics.</subfield>
    <subfield code="2">fast</subfield>
  </datafield>
  <datafield tag="650" ind1=" " ind2="7">
    <subfield code="a">Water waves</subfield>
    <subfield code="x">Mathematical models.</subfield>
    <subfield code="2">fast</subfield>
  </datafield>
  <datafield tag="650" ind1=" " ind2="7">
    <subfield code="a">Waves</subfield>
    <subfield code="x">Mathematical models.</subfield>
    <subfield code="2">fast</subfield>
  </datafield>
  <datafield tag="776" ind1="0" ind2="8">
    <subfield code="i">Print version:</subfield>
    <subfield code="a">Boccotti, Paolo.</subfield>
    <subfield code="t">Wave mechanics and wave loads on marine structures.</subfield>
    <subfield code="d">Kidlington, England ; Waltham, Massachusetts : Butterworth-Heinemann, &#xFFFD;2015</subfield>
    <subfield code="h">xxiii, 324 pages</subfield>
    <subfield code="z">9780128003435</subfield>
  </datafield>
  <datafield tag="856" ind1="4" ind2="0">
    <subfield code="u">https://www.sciencedirect.com/science/book/9780128003435</subfield>
  </datafield>
  <datafield tag="942" ind1=" " ind2=" ">
    <subfield code="c">EBK</subfield>
  </datafield>
</record>
